[Event "RUS-ch 54th"]
[Site "Elista"]
[Date "2001.05.09"]
[Round "9"]
[White "Shipov, Sergei"]
[Black "Ionov, Sergey"]
[Result "1/2-1/2"]
[WhiteElo "2640"]
[BlackElo "2505"]
[Annotator "Golod,V"]
[PlyCount "69"]
[EventDate "2001.04.29"]
[EventType "swiss"]
[EventRounds "9"]
[EventCountry "RUS"]
[SourceTitle "CBM 083"]
[Source "ChessBase"]
[SourceDate "2001.07.05"]
[SourceVersion "1"]
[SourceVersionDate "2001.07.05"]
[SourceQuality "1"]

1. d4 Nf6 2. c4 e6 3. Nc3 Bb4 4. Qc2 O-O 5. a3 Bxc3+ 6. Qxc3 b6 7. Bg5 Bb7 8.
f3 h6 9. Bh4 d5 10. e3 Nbd7 11. cxd5 Nxd5 12. Bxd8 Nxc3 13. Bh4 Nd5 14. Bf2 c5
15. Bb5 $5 ({Slightly worse is:} 15. e4 {See comments to Teplitsky,Y-Gershon,A/
Bermuda,1999/CBM 69 (1/2-1/2)(Golod,V)(27)}) 15... Rfd8 $5 {Besides black has
two options:} (15... N5f6 $6 {You can see comments to Kramnik,V-Adams,M/
Linares,1999/CBM 70(1-0)   (Golod,V)(38)}) ({and} 15... Rad8 $5 {See comments
to Jelen,I-Farago,I/Ljubljana,1997/CBM58 (1-0)     (Finkel,A)(61)}) 16. Ne2 ({
More basic continuation:} 16. e4 $5 {was checked up in the following games:
Kramnik,V-Kasparov,G/London,2000/CBM 79 (½-½)(Golod,V)(38) and Golod,
V-Pilgaard,K/Ubeda,2001(½-½) (Golod,V)(72)}) 16... cxd4 17. Nxd4 a6 $5 $11 ({
Also good enough:} 17... Nc5 $5 18. O-O Nc7 19. Bc4 e5 20. Nf5 Ba6 21. Bxa6
N7xa6 $11 {Topalov,V-Kramnik,V/Monte Carlo,1998 (1/2-1/2)(28)}) 18. Be2 $146 (
18. Ba4 $143 Rac8 19. Ke2 Nc5 20. Bc2 a5 (20... e5 $5 $36) 21. Rhd1 Ba6+ 22.
Ke1 g6 $11 {Arlandi,E-Jenni,F/Charleville,2000(0-1)(61)}) 18... Rac8 {<->c
Black enter in game the last piece,and for white uneasy to finish he
development.} 19. Rd1 ({Badly:} 19. O-O {because of:} e5 20. Nf5 Rc2 {[%csl
Rb2,Re2]}) 19... Ne5 ({Pretty dubiously:} 19... e5 20. Nf5 Rc2 21. Nd6 $5 $36 {
[%csl Ra6,Yb7,Rd5,Gd6][%cal Yb7a6]} (21. Bh4 $143 f6 22. Rxd5 Bxd5 23. Ne7+ Kh8
24. Nxd5 Rxb2 $13) (21. Rxd5 $143 Bxd5 22. Ne7+ Kf8 23. Nxd5 Rxb2 $13)) 20. O-O
{At last it is possible to finish development.} b5 21. Rd2 $6 ({Can be
recommended:} 21. Rfe1 Nc4 $140 $6 22. Bxc4 Rxc4 (22... bxc4 23. Ne2 $14 {
[%cal Ge3e4]}) 23. Nb3 {[%csl Rb7,Rc4,Rd8][%cal Ge3e4,Gb3a5]} Rdc8 24. Na5 R4c7
25. e4 $14) 21... Nc4 $5 {[%csl Rb2,Re3] Now this move wins in force.} 22. Bxc4
$8 bxc4 ({Much worse is:} 22... Rxc4 23. Nb3 {[%csl Rb7,Rc4,Rd8][%cal Gb3a5,
Ge3e4]} Rd7 24. e4 Nf6 25. Rxd7 Nxd7 26. Na5 Rc7 27. Bg3 e5 28. Nxb7 Rxb7 29.
Rc1 {<->c +/=}) 23. Rc2 a5 $6 {[%cal Yb7a6,Ya6c4]} ({From my point of view,
leads to equality:} 23... Ne7 $5 {[%csl Ye7][%cal Ye7f5,Ge6e5]} 24. Rfc1 (24.
Bg3 Nf5 25. Nxf5 exf5 26. Rfc1 Rd3 27. Rxc4 Rxc4 28. Rxc4 Rd1+ 29. Kf2 Rd2+ $11
) 24... e5 25. Ne2 Bd5 26. e4 Be6 27. f4 f6 $11) 24. Ne2 f5 25. Nd4 $6 ({After:
} 25. e4 $5 fxe4 26. fxe4 Nf6 27. Bb6 Bxe4 28. Bxd8 Bxc2 29. Bxa5 {white
transfer to slight better endgame.}) 25... Rd6 26. Rfc1 Ba6 {[%csl Ya6][%cal
Ya6c4,Yc8c4] It is not necessary to overlook,that at white too there is a
weakness - pawn"b2".} 27. Bg3 Rb6 28. Kf2 a4 29. e4 {Opening of a position to
be made not at the most successful moment.} ({It deserves attention:} 29. Be5 {
+/=/=}) 29... fxe4 30. fxe4 Rf8+ $1 31. Nf3 Nf6 {[%csl Re4]} 32. Re1 $140 c3 $1
$11 33. Rxc3 (33. bxc3 $2 Bd3 {[%csl Rc2,Re4]}) 33... Rxb2+ 34. Kg1 Rc8 35.
Rxc8+ (35. Rxc8+ Bxc8 36. Rd1 Ba6 37. Rd4 Bb5 $11) 1/2-1/2

[Event "EU-Cup 16th"]
[Site "Neum"]
[Date "2000.09.29"]
[Round "6.3"]
[White "Golod, Vitali"]
[Black "Shariyazdanov, Andrey"]
[Result "1-0"]
[WhiteElo "2590"]
[BlackElo "2582"]
[Annotator "Golod,V"]
[PlyCount "65"]
[EventDate "2000.09.24"]
[EventType "team-swiss"]
[EventRounds "7"]
[EventCountry "BIH"]
[SourceTitle "CBM 080"]
[Source "ChessBase"]
[SourceDate "2001.01.25"]
[SourceVersion "1"]
[SourceVersionDate "2001.01.25"]
[SourceQuality "1"]
[WhiteTeam "Beer Sheva"]
[BlackTeam "Zagreb Zrinjevac"]
[WhiteTeamCountry "ISR"]
[BlackTeamCountry "CRO"]

1. d4 Nf6 2. c4 e6 3. Nc3 Bb4 4. Qc2 O-O 5. a3 Bxc3+ 6. Qxc3 b6 7. Bg5 Bb7 8.
f3 d5 9. e3 Re8 (9... h6 $5 10. Bh4 Nbd7 {It's main line.}) 10. Nh3 h6 11. Bh4
{Comments to this part of the game(11-20 moves) you can find in annotations to:
Kramnik,V-Tiviakov,S/Las Vegas,1999/CBM 72 (1-0)(Golod,V)(42)} Nbd7 12. cxd5
exd5 13. Be2 c5 14. O-O Qe7 15. Bf2 c4 16. b3 b5 17. bxc4 bxc4 18. Bd1 Nb6 19.
Bc2 Bc6 20. a4 $14 g5 $6 $146 {[%cal Gc6d7,Gd7h3][%mdl 8] (weakness /^e5-h8;
Kg8)} ({Also dubious:} 20... Qd7 $6 {[%csl Ra4] You can see comments to
Kramnik,V-Tiviakov,S/Las Vegas,1999/CBM 72(1-0)(Golod,V)(42)}) ({Can be
recommended:} 20... a5 $5) 21. Kh1 $5 {[%csl Yg1][%cal Yh3g1]} ({Is a possibe
continuation of the play:} 21. Rfe1 Bd7 22. a5 Nc8 23. e4 Bxh3 24. gxh3 $36)
21... a5 {[%csl Rb4][%cal Ge7b4] Absolutely illogically,after 20...g5.} ({
It deserves attention:} 21... Nc8 {/\Nd6,Bd7-f5;/^b1-h7}) 22. Rfb1 {[%csl Yb1]
Against- 22...Qb4.} Reb8 ({In my opinion,nevertheless,better is:} 22... Nc8 $5)
23. Ng1 Be8 {With the threat :Nxa4(at the first opportunity).} 24. Qd2 {
[%cal Gg1e2,Ge2c3]} Nbd7 {[%csl Rb4][%cal Gb8b4]} 25. Rb5 $5 {[%csl Ra5][%cal
Gb5a5]} ({Also I save a big positional advantage after:} 25. Ne2 Rb4 26. Nc3
Rab8 27. e4 $14) 25... Rxb5 ({Slightly better is:} 25... Qd8 26. Ne2 $36 (26.
Be1 $6 Rxb5 (26... Qe7 $5 {[%csl Re3]}) 27. axb5 Nb8 $1 $14 {[%csl Rb5]})) 26.
axb5 a4 27. Rxa4 Rxa4 28. Bxa4 Nb6 ({Senselessly:} 28... Qa3 {because of:} 29.
Qa5 $1 $16 c3 $140 30. Be1 $1 {[%csl Rc3,Ge1]} c2 31. Bxc2 $18 {[%csl Ye1]
[%cal Ye1a5]}) 29. Qa5 Nxa4 $2 {Most probably,black blundered,because he
didn't see 31.Qa6 with the idea 32.Qxf6} ({It is necessary:} 29... Qb7 $1 {
[%csl Rb5]} 30. Bc2 $140 Nc8 31. Qd8 (31. Qa6 $2 Qxa6 32. bxa6 Bb5 {+/=/=})
31... Kg7 32. e4 $36) 30. Qxa4 $16 Qd7 (30... g4 $142) ({or} 30... Qe6) 31. Qa6
c3 $2 {[%mdl 8192] After this mistake,I have a forced win.} (31... Qe6 $142 $16
) 32. Qxf6 $1 {[%mdl 64]} c2 $140 (32... Qc8 $144 33. Bg3 c2 34. Be5 {[%csl
Rg8]} Kf8 35. Qxh6+ Ke7 (35... Kg8 36. Qg7#) 36. Qd6#) 33. Bg3 $1 {After this
move black resigns,because of next variants:} (33. Bg3 $1 Qe6 (33... c1=Q 34.
Be5 Kf8 $8 35. Qxh6+ Ke7 (35... Kg8 36. Qg7#) 36. Qxg5+ Kf8 (36... Ke6 37. Qf6#
) (36... f6 37. Qxf6#) 37. Bg7+ Kg8 38. Bf6+ Kf8 39. Qg7#) 34. Qxe6 fxe6 35. b6
$1 (35. Ne2 Bxb5 36. Nc1 $18) 35... c1=Q (35... Bc6 36. Ne2) 36. b7 Qxe3 37.
b8=Q Kf7 38. Be5 $18) 1-0

[Event "Bundesliga 0405"]
[Site "Germany"]
[Date "2005.01.29"]
[Round "8.2"]
[White "Fridman, Daniel"]
[Black "Almasi, Zoltan"]
[Result "1-0"]
[WhiteElo "2578"]
[BlackElo "2650"]
[Annotator "Golod,V"]
[PlyCount "69"]
[EventDate "2004.11.12"]
[EventType "team-tourn"]
[EventRounds "15"]
[EventCountry "GER"]
[SourceTitle "CBM 106"]
[Source "ChessBase"]
[SourceDate "2005.06.06"]
[SourceVersion "1"]
[SourceVersionDate "2005.06.06"]
[SourceQuality "1"]
[WhiteTeam "Muelheim Nord"]
[BlackTeam "Kreuzberg"]
[WhiteTeamCountry "GER"]
[BlackTeamCountry "GER"]

1. d4 {Ftacnik} Nf6 2. c4 e6 3. Nc3 Bb4 4. Qc2 O-O 5. a3 Bxc3+ 6. Qxc3 b6 7.
Bg5 Bb7 8. f3 h6 9. Bh4 d5 10. e3 Nbd7 11. cxd5 Nxd5 12. Bxd8 Nxc3 13. Bh4 Nd5
14. Bf2 c5 15. e4 Nf4 {I recently analyzed this position and completely
changed my mind about this move. Now I consider it quite playable.} ({Other
knight retreats are also possible:} 15... Ne7 $5 {You can see my annotations
to game: Bareev,E-Onischuk,A/Moscow,2002/CBM 90(1-0)(45)}) ({and} 15... N5f6)
16. Be3 {+/=/= This move leads to a quieter game. Now White can hope only for
the minimal advantage. Ftacnik: 'Black plays without two bishops, but is well
advanced in his development. It is far from clear how white should get any
advantage.'} ({This leads to a complicated and sharp game:} 16. Bb5 $5 Rad8
$140 17. Ne2 $1 {You can see my comments to following games: Sokolov,I-Hansen,
C/Malmo,2001/CBM 84(1-0)(41) and Gustafsson,J-Emms,J/Germany,2003/CBM 93(1/2-1/
2)(38)}) 16... Ng6 17. O-O-O $5 $146 {White decided to hide his king away from
any future actions.} ({The games, which have reached this position was
continued as follows:} 17. Rd1 $5 {For further information, you can see my
comments to Kramnik,V-Naiditsch,A/Dortmund,2003/CBM 97(1/2-1/2)(89)}) ({and} 
17. Ne2 f5 (17... Rac8 18. Rd1 Rfd8 {and already here the contenders is agreed
to a draw: Xu Jun-Anand,V/Hyderabad,2002(18)}) 18. exf5 exf5 19. O-O-O Rae8 20.
Bf2 Ba6 21. Nc3 Bxf1 22. Rhxf1 Nf4 23. dxc5 Nxc5 24. Bxc5 bxc5 25. g3 {1/2-1/2
Bareev,E-Kramnik,V/Wijk aan Zee,2004}) 17... Rac8 ({Black could have chosen a
different move order:} 17... cxd4 18. Rxd4 (18. Bxd4 e5 19. Bc3 Nc5 $132) 18...
Nc5 19. Rd1 Rac8 20. Kb1 Rfd8) 18. Kb1 cxd4 {Ftacnik: 'Almasi will lose due to
a string of small concessions. It seems more logical to wait with exchange in
the center with 18..Rfd8.'} (18... Rfd8 {Ftacnik} 19. Ne2 Ba6 20. Rd2 Bc4 $11)
19. Rxd4 (19. Bxd4 {Ftacnik} Nc5 20. Nh3 Rfd8 21. Nf2 e5 22. Be3 Nb3 $11) 19...
Nde5 {A bit passive decision.} ({This deserves more attention:} 19... Nc5 $5 {
with the intention of activating his pieces.}) (19... Rfd8 {Ftacnik} 20. Bb5
Nc5 21. Rxd8+ Rxd8 22. Ne2 a6 $11) 20. Nh3 Ne7 $6 {How long can that knight
jump here and there? Now Black lost an important resource "Nh4" attacking his
opponent's king side. And he lost a lot of time,which gives a chance to his
opponent to develop his king side. Don't forget, White has the BB pair, which
could help in the future! Ftacnik: 'Black plans the advance f7-f5 and thus
keeps the rook on f8. The balance was probably still at hand with the obvious
move 20...Rfd8.'} (20... Rfd8 $5 21. Rxd8+ (21. Bb5 Nh4 $5 $132 {[%csl Rg2]})
21... Rxd8 22. Be2 (22. Nf2 {Ftacnik} f5 23. h4 fxe4 24. fxe4 h5 $11) 22... Nh4
23. Rg1 f5 24. Nf2 g5 {with an equal game for Black.}) 21. Bb5 $14 {White is
provocating Black. Zoltan Almasi can't stand this bishop here any longer, and
must chase it away, this leads to weakened squares and loss of tempos.} Bc6 ({
Perhaps it was better to weaken the queenside a little instead:} 21... a6 22.
Be2 $140 f5 {Black gets some counterplay.} 23. Nf4 {Ftacnik} fxe4 24. fxe4 N7c6
25. Rd6 Na5 26. Rxe6 $14) 22. Ba6 Rcd8 23. Rc1 {<->c White managed to develop
all of his pieces. The following on turn - knight, which will go to "f2".} b5
$6 ({Too risky:} 23... f5 24. Nf4 $36 {קe6}) ({It was safer to exchange a
pair of rooks:} 23... Rxd4 24. Bxd4 N5g6 25. b4 $14 (25. Nf2 $14 {Ftacnik}))
24. Nf2 f5 25. exf5 (25. b3 {Ftacnik} fxe4 26. Rxd8 Rxd8 27. fxe4 Kf7 $14)
25... Nd5 ({After:} 25... Nxf5 $143 {White only extended his advantage:} 26.
Rxd8 Rxd8 27. Bf4 {[%csl Rc6,Re5][%cal Ye5c6]} Ng6 28. Bc7 Rd2 29. Rxc6 Rxf2
30. Rxe6 Rxg2 31. Re8+ Kf7 32. Ra8 $16) 26. Rc5 $5 {White used the fact that
the knight on "e5" is undefended.} (26. Re4 $6 Nc4 27. Bxa7 Ra8 28. Rxe6 Rf6
$132) ({Also, I can recommend:} 26. Nd3 $5) 26... Nxe3 (26... exf5 $143 27. Bc1
Nc7 28. Rxd8 Rxd8 29. Bxb5 Nxb5 30. Rxe5 $16) 27. Rxd8 Rxd8 28. Rxe5 Nxf5 $2 {
While looking for counterplay, it was necessary to sharpen the game:} (28...
Nxg2 29. fxe6 Rd5 {the game is still far from over!}) 29. Rxe6 $16 {Black
can't trap the white bishop.} Nd4 ({Leads to favourable simplifications for
White:} 29... Rd2 30. Rxc6 Rxf2 31. Rc2 {[%csl Rb5]} Rxc2 $140 32. Kxc2 Ne3+
33. Kd3 Nxg2 34. Bxb5 {+/-/+-}) 30. Re3 Nf5 ({It seems that it was better to
move the king to the center first:} 30... Kf7) 31. Rc3 {White completely
consolidated his forces.} Rd6 32. Bc8 Nh4 33. Bh3 {Finally the bishop returned
to his camp. Now White has an extra pawn without any compensation for Black.}
Kh7 34. Rd3 {<->d} Rg6 $4 {Painful blunder leading to immediate loss.} (34...
Rxd3 35. Nxd3 {+/-/+- with a technically won endgame.}) 35. g3 $18 ({After:} 
35. g3 {the least, Black loses his exchange:} Nxf3 (35... Bxf3 36. gxh4) 36.
Bf5 Ne5 $140 37. Re3 $1 {and perhaps even more.}) 1-0

[Event "HUN-ch places"]
[Site "Balatonlelle"]
[Date "2002.06.??"]
[Round "2"]
[White "Chernin, Alexander"]
[Black "Gyimesi, Zoltan"]
[Result "1-0"]
[WhiteElo "2583"]
[BlackElo "2605"]
[Annotator "Golod,V"]
[PlyCount "103"]
[EventDate "2002.06.??"]
[EventType "match"]
[EventRounds "5"]
[EventCountry "HUN"]
[SourceTitle "CBM 090"]
[Source "ChessBase"]
[SourceDate "2002.09.20"]
[SourceVersion "1"]
[SourceVersionDate "2002.09.20"]
[SourceQuality "1"]

1. d4 Nf6 2. c4 e6 3. Nc3 Bb4 4. Qc2 O-O 5. a3 Bxc3+ 6. Qxc3 b6 7. Bg5 Ba6 8.
e3 d6 9. Qc2 {[%cal Gg1e2,Ge2c3]} Nbd7 10. Ne2 Rc8 $6 $146 {Because of this
positional mistake,black lose a struggle for the centre.There were three
alternatives:} (10... Qc8 $5 {You can see comments to Kacheishvili,G-Milov,V/
Batumi,1999/CBM 74(0-1)(Golod,V)(21)}) (10... d5 $6 {Psakhis,L} 11. cxd5 exd5
12. Qc6 $36) ({and} 10... c5 11. dxc5 Nxc5 12. Nc3 Rc8 13. Rd1 h6 14. Bxf6 Qxf6
15. Rxd6 Nb7 $44 {Agrest,E-Kortschnoj,V/Malmo,1996(1/2-1/2)(22)}) 11. Nc3 Bb7 (
{Now in comparison with 10...Qc8,after:} 11... c5 {White has a easy way to big
positional advantage:} 12. d5 exd5 $140 13. Nxd5 (13. cxd5 $143 Bxf1 14. Kxf1
$13) 13... Bb7 14. Nxf6+ (14. Rd1 $5) 14... Nxf6 15. Qf5 $1 {[%csl Gf5,Rf6,Gg5]
} Re8 16. Bd3 {+/=/+/-}) 12. e4 $14 {[%csl Yc4,Yd4,Ye4] It is possible only to
dream of such position in a debut!} c5 ({Also leads to clear advantage of
white:} 12... h6 $5 13. Bh4 g5 14. Bg3 Nh5 15. Be2 Nxg3 (15... Nf4 16. O-O-O $5
{[%csl Rg8][%cal Gh2h4]}) 16. hxg3 Kg7 $14) 13. d5 exd5 14. cxd5 {[%csl Rb7]
Now bishop"b7" not soon will enter game.} Re8 15. Be2 Qe7 16. f3 c4 ({Can be
recommended:} 16... h6 17. Bh4 {[%csl Yf2]} a6 {[%cal Gb6b5]} 18. a4 Qe5 {
with minimal counterplay.}) 17. O-O a6 18. a4 Ne5 19. Rae1 Ng6 20. Qd2 h6 21.
Be3 Qc7 22. Bd1 {[%csl Yd1][%cal Yd1c2][%mdl 32] White skilfully translate the
pieces on the best positions.} Re7 23. Bc2 Rce8 24. Bd4 Nd7 ({It deserves
attention:} 24... Ne5 {with idea to provoke white on:} 25. f4) 25. Nd1 $1 $16 {
[%csl Rc4,Rf5][%cal Gd1e3,Ge3f5,Ge3c4] Black can not simultaneously protect
two weaknesses.} b5 26. axb5 axb5 27. Ne3 f6 28. Nf5 Rf7 29. Qf2 $6 {[%csl Rd7,
Rg6][%cal Gf2g3]} (29. Qb4 $142 {[%csl Rb5,Rd6]}) 29... Nde5 $2 ({Most
probably more stubborn resistance after:} 29... Ne7) 30. Qg3 {[%csl Ye5,Rg6]
[%cal Gf3f4]} Kh7 31. f4 Nd3 ({Very badly:} 31... Nd7 {because of:} 32. e5 {
[%csl Gc2,Gg3,Rg6,Rh7]}) 32. Bxd3 cxd3 33. Rc1 {The important intermediate
move!} Qd7 34. Qxd3 $18 Ra8 35. Rf2 Rff8 36. Bc3 {[%csl Rd6][%cal Gc3b4]} Ra4
37. b3 Raa8 38. Bb4 Ra6 39. g3 {[%csl Yg3][%cal Gf2c2,Gc2c7,Yg3f4] Full
domination,black doesn't have space for any movement.} Rfa8 40. Rfc2 Ra1 41.
Qd4 Rxc1+ 42. Rxc1 Ra2 43. Bxd6 {[%csl Rd7,Rg7][%cal Gc1c7] Further resistance
is impossible.} b4 44. Rc7 Qb5 45. Rxg7+ Kh8 46. Rxg6 {To be continuation...}
Rg2+ 47. Kxg2 Qe2+ 48. Kh3 Qh5+ 49. Nh4 Bc8+ 50. f5 Bxf5+ 51. exf5 Kh7 {
Last practical chance!} 52. Qa7+ {Good achievement of GM Alexander Chernin!} (
52. Qxf6 Qg4+ 53. Kxg4 $4 (53. Rxg4) 53... h5+ $11) 1-0

[Event "Kharkov Rector Cup 3rd"]
[Site "Kharkov"]
[Date "2001.04.24"]
[Round "9"]
[White "Turov, Maxim"]
[Black "Pelletier, Yannick"]
[Result "1/2-1/2"]
[WhiteElo "2553"]
[BlackElo "2531"]
[Annotator "Golod,V"]
[PlyCount "111"]
[EventDate "2001.04.18"]
[EventType "tourn"]
[EventRounds "10"]
[EventCountry "UKR"]
[EventCategory "13"]
[SourceTitle "CBM 083"]
[Source "ChessBase"]
[SourceDate "2001.07.05"]
[SourceVersion "1"]
[SourceVersionDate "2001.07.05"]
[SourceQuality "1"]

1. d4 Nf6 2. c4 e6 3. Nc3 Bb4 4. Qc2 O-O 5. a3 Bxc3+ 6. Qxc3 b6 7. Bg5 Bb7 8.
f3 h6 9. Bh4 d5 10. cxd5 (10. e3 $5 {Is the main line.See comments to Piket,
J-Karpov,A/Monaco,1999/CBM 70(1/2-1/2)  (Golod,V)(41)}) 10... exd5 11. e3 Re8
12. Bf2 $5 {[%mdl 4] Besides,white has two principales moves:} (12. Be2 $6 {
See comments to: Llanos,G-Zontakh,A/Budapest,1999/CBM 72(0-1)(Golod,V)(31)}) ({
or} 12. Nh3 $5 {See comments to Khatov,A-Yakovich,Y/Novgorod,1997/CBM 60(1/2-1/
2) (Fritz5.00)(36)}) 12... c5 13. Bb5 Bc6 $5 ({Is a possible continuation of
the play:} 13... Nc6 $5 14. Ne2 c4 $5 (14... Rc8 $143 15. O-O a6 16. Bd3 Ne7
17. Qd2 Qd7 18. b4 c4 19. Bc2 Nf5 20. Nc3 $14 {Kohlweyer,B-Heemskerk,W/
Groningen,1989 (1-0)(45)}) 15. b3 cxb3 16. Qxb3 Na5 17. Qa2 Bc6 18. Bd3 Ba4 19.
Rb1 Rc8 $11 {Kaidanov,G-Rozentalis,E/Lvov,1987(1-0)(42)}) 14. Bd3 cxd4 15. Qxd4
Bd7 $5 ({Was checked in the five previous games:} 15... Nbd7 $5 16. Ne2 (16. b4
$143 Ne5 17. Ne2 Qd7 18. O-O Nxd3 19. Qxd3 Bb5 20. Qd2 a5 21. Rfe1 $11 {
Nachev,S-Gorelov,S/Moscow,1996 (1/2-1/2)(27)}) 16... Nc5 17. Bc2 (17. Qc3 $6 d4
$1 18. Nxd4 Nd5 19. Qd2 Nxd3+ 20. Qxd3 Nf4 21. Qc3 Rc8 22. Nxc6 Qd7 $44 {
Kalesis,N-Shipov,S/Cappelle la Grande,1995(0-1)(56)}) 17... Bb5 (17... Rc8 $5
18. O-O Bb5 19. Rfe1 Nce4 20. Bb3 Bc4 $6 (20... Nxf2 $5 21. Kxf2 Bc4) 21. Ba4
Bxe2 22. Bxe8 Bxf3 23. gxf3 Nxf2 24. Rac1 Nh3+ 25. Kg2 Qxe8 26. Kxh3 Qd7+ 27.
Kg2 Re8 28. Rg1 $16 {Granda Zuniga,J-Veingold,A/Cordoba,1995(0-1)(43)}) 18. Nc3
(18. Qd2 $6 Rc8 19. Nd4 Bc4 20. Bg3 Nh5 $1 21. Kf2 Qf6 $36 {Seirawan,Y-Karpov,
A/Rotterdam,1989(0-1)(42)}) 18... Bc4 19. O-O-O {+/=/= Beliavsky,A-Lautier,J/
Enghien-les-Bains FRA,1999(1/2-1/2)(81)}) 16. Ne2 {/\0-0 White want at last to
finish development.} Nc6 17. Qc3 Ne5 18. O-O ({White don't have time on:} 18.
Bc2 $2 {because of:} Rc8 19. Qb3 Rc4 $1 {[%cal Gd7a4]} 20. a4 (20. Nc3 $143 d4
$1) 20... Qc8 $17) 18... Rc8 ({It deserves attention:} 18... Qc8 19. Qd2 $140
Bf5 20. Bb5 Nc4 $11 {1/2-1/2 Rubinetti,J-Tempone,M/San Luis,1990(20)}) 19. Qd2
$146 ({The repeat to moves happened in the following game:} 19. Qd4 Nc6 20. Qh4
Ne5 21. Qd4 Nc6 22. Qh4 Ne5 {1/2-1/2 Fochtler,E-Petran,P/Eger,1992 (22)}) 19...
Nc4 $6 ({After:} 19... Nxd3 $5 20. Qxd3 Qe7 21. Nd4 {white has a slight
positional advantage.}) 20. Bxc4 dxc4 21. e4 Be6 22. Qc3 $6 ({In my opinion,it
was better to keep the queens:} 22. Bd4 $5 {/\Rad1,Qc3/^a1-h8 and so on.})
22... Qd3 $5 {Black immediately use discrepancy of white.} 23. Nd4 $14 {
And nevertheless positional advantage on the party of white.} Qxc3 24. bxc3 Bd7
{[%cal Gd7a4]} 25. a4 {[%csl Ya4]} Re5 26. Nb5 $6 {All subsequent exchanges on
a hand black.} ({It was necessary:} 26. Rfb1 $5 Ra5 27. Rb4 $14) 26... Bxb5 27.
axb5 Rxb5 28. Rxa7 Rb3 29. Bd4 Ne8 {[%csl Rc3,Rd4][%cal Ge8c7,Gc7b5,Gb5c3,
Gb5d4] Now position of black as the minimum is not worse.} 30. Rd1 Nc7 31. Be5
({Also nor equalizes:} 31. Rb7 Ne6 (31... Nb5 $6 32. Bxb6 Nxc3 33. Rdd7 $13)
32. Bxb6 Nc5 $1 33. Rc7 Rxc7 34. Bxc7 Rxc3 35. Kf2 $15) ({It deserves
attention:} 31. Rc1 $5 Nb5 32. Rd7 {[%csl Yc1,Yd7][%cal Yc1c3,Yd7d4] =/=/+})
31... Nb5 32. Rb7 Re8 $1 {[%csl Rc3,Ye5][%cal Ge8e5,Ye5c3] This move better,
than:} (32... Nxc3 $143 33. Rdd7 Rf8 34. Bd6 (34. Bxc3 $6 Rxc3 35. Rxb6 Ra8 $36
{[%csl Rg1]}) 34... Ra8 35. h4 (35. Rxf7 $2 Ra1+ 36. Kf2 Ra2+ 37. Ke3 $8 (37.
Kg3 $2 Nxe4+ 38. Kf4 Nxd6 39. Rxg7+ Kf8 $19) 37... Nb5+ 38. Kf4 Nxd6 39. Rxg7+
Kf8 $17) 35... Ra1+ 36. Kh2 $13) 33. Rd5 Nxc3 34. Bxc3 Rxc3 35. Rdd7 $5 {
White prefer to receive counterplay, than passive defense:} (35. Rxb6 Ra8 {
[%csl Gc4,Rg1]}) 35... Rc1+ $1 ({Dubiously:} 35... Rf8 {because of:} 36. Rdc7 {
[%csl Rb6,Gb7,Rc4,Gc7,Rf7][%cal Gb7b6,Gc7c4,Gc7f7,Gb7f7]}) 36. Kf2 $140 Rc2+
37. Kg3 Re6 {[%csl Rg3][%cal Ge6g6] To defend it is necessary actively!} 38.
Rxf7 Rg6+ 39. Kf4 Rcxg2 $15 40. Rfc7 Rxh2 (40... Rc2 $143 41. h4 $44) 41. Rxc4
Rh3 {[%csl Rf3][%cal Gg6f6]} 42. Rcc7 {[%csl Rg7]} Kh7 43. e5 Rh4+ 44. Ke3 Rb4
45. Rf7 h5 46. Kd3 {White prepare:e6(קg7)} h4 47. e6 Rxe6 48. Rxg7+ Kh6 49.
Rbf7 {[%csl Rh6][%cal Gf3f4]} (49. Rh7+ $5 Kg5 50. Rbg7+ Rg6 $140 51. Rxg6+
Kxg6 52. Rh8 {/\Ke3,f4(קh4)}) 49... Rg6 $2 ({Probably,it was better:} 49...
Rf6 $5 {with some chances to win.}) 50. Rh7+ Kg5 51. Rh8 $1 {[%cal Gf7h7]} Rf6
(51... Rd6+ 52. Ke3 Re6+ 53. Kd3 Rb3+ 54. Kd4 $11) 52. Rg7+ Kf5 (52... Rg6 53.
Rgh7 {[%csl Yg5,Rh4,Gh7,Gh8][%cal Gh7h5]}) 53. Rgh7 $11 {[%csl Rh4]} Rb3+ 54.
Kc4 Rxf3 55. Rxh4 Ke5 56. R4h5+ 1/2-1/2